God names - Statistics

General Stats
  • This quiz has been taken 18 times
  • The average score is 21 of 80
Answer Stats
Hint Answer % Correct
Roman Mars
88%
Norse Thor
88%
Greek Zeus
88%
Norse Odin
81%
Roman Jupiter
75%
Norse Loki
75%
Egypt Ra
75%
Greek Poseidon
69%
Roman Saturn
69%
Greek Ares
63%
Greek Hades
63%
Greek Hermes
63%
Roman Neptune
63%
Roman Venus
63%
Greek Aphrodite
56%
Greek Hera
56%
Roman Pluto
56%
Egypt Anubis
50%
Roman Diana
50%
Roman Mercury
50%
Egypt Osiris
50%
Greek Athena
44%
Norse Freya
44%
Norse Hel
38%
Egypt Isis
38%
Roman Apollo
31%
Greek Apollo
31%
Greek Demeter
31%
Greek Artemis
25%
Norse Baldur
25%
Roman Cupid
25%
Greek Dionysus
25%
Norse Frigg
25%
Norse Frigg
25%
Egypt Horus
25%
Egypt Set
25%
Roman Bacchus
19%
Roman Ceres
19%
Norse Heimdall
19%
Roman Janus
19%
Roman Juno
19%
Roman Minerva
19%
Greek Nike
19%
Greek Persephone
19%
Greek Eros
13%
Greek Hephaestus
13%
Greek Hestia
13%
Egypt Thoth
13%
Norse Tyr
13%
Roman Vesta
13%
Egypt Amun
6%
Egypt Geb
6%
Greek Hecate
6%
Norse Idunn
6%
Egypt Ptah
6%
Norse Sif
6%
Roman Valcun
6%
Egypt Bastet
0%
Norse Bragi
0%
Norse Eir
0%
Roman Faunus
0%
Roman Fortuna
0%
Norse Freyr
0%
Egypt Hathor
0%
Greek Helios
0%
Norse Hödr
0%
Egypt Khepri
0%
Egypt Khnum
0%
Egypt Ma'at
0%
Egypt Nephthys
0%
Norse Njord
0%
Egypt Nut
0%
Roman Proserpina
0%
Egypt Sekhmet
0%
Greek Selene
0%
Norse Skadi
0%
Egypt Sobek
0%
Egypt Tefnut
0%
Norse Vali
0%
Norse Vithar
0%
No matching quizzes found
Score Distribution
Percent of People with Each Score
Percentile by Number Answered
Your Score History
You have not taken this quiz